书目信息 |
| 题名: |
代码
|
|
| 作者: | 莫司 , Moos 著 ;林尔康 译 | |
| 分册: | ||
| 出版信息: | 北京 科学出版社 1981 |
|
| 页数: | 135页 | |
| 开本: | 19cm | |
| 丛书名: | ||
| 单 册: | ||
| 中图分类: | TP14 | |
| 科图分类: | ||
| 主题词: | 码自动信息理论 | |
| 电子资源: | ||
| ISBN: | ||
| 000 | 00754nam0 2200289 45 | |
| 001 | 0181003726 | |
| 005 | 20040519170605.8 | |
| 010 | @dCNY0.50 | |
| 091 | @a15031.320 | |
| 100 | @a19950426d1981 em y0chiy0121 ea | |
| 101 | 1 | @achi@cger |
| 102 | @aCN@b110000 | |
| 105 | @ay z 000yy | |
| 106 | @ar | |
| 200 | 10 | @a代码@Adai ma@f(德)莫司(L.Moos)著@g林尔康译 |
| 210 | @a北京@c科学出版社@d1981 | |
| 215 | @a135页@d19cm | |
| 300 | @a书名原文:Codes | |
| 510 | 1 | @aCodes@zeng |
| 606 | @a码自动信息理论 | |
| 690 | @aTP14@v3 | |
| 701 | 1 | @a莫司@Amo si@bL.@4著 |
| 701 | A1 | @aMoos@bL.@4著 |
| 702 | 0 | @a林尔康@Alin er kang@4译 |
| 801 | 0 | @aCN@b上海图书馆@c20040519 |
| 801 | 2 | @aCN@bNLC@c20040519 |
| 905 | @f3@b125701-703@f3@b64808-810@dTP14@e12 | |
| 代码/(德)莫司(L.Moos)著/林尔康译.-北京:科学出版社,1981 |
| 135页;19cm |
| 书名原文:Codes |
| ISBN :CNY0.50 |
| ● |
| 相关链接 |
|
|
|
|
正题名:代码
索取号:TP14/12
 
预约/预借
| 序号 | 登录号 | 条形码 | 馆藏地/架位号 | 状态 | 备注 |
| 1 | 0064808 | 000701618 | 第三借阅区/ [索取号:TP14/12] | 在馆 | |
| 2 | 0064809 | 000701627 | 第三借阅区/ [索取号:TP14/12] | 在馆 | |
| 3 | 0064810 | 000701654 | 第三借阅区/ [索取号:TP14/12] | 在馆 | |
| 4 | 0064812 | 000701681 | 第二样本阅览室/ [索取号:TP14/12] | 在馆 | |
| 5 | 0125701 | 000701672 | 第三借阅区/ [索取号:TP14/12] | 在馆 | |
| 6 | 0125702 | 000701663 | 第三借阅区/ [索取号:TP14/12] | 在馆 | |
| 7 | 0125703 | 001697462 | 第三借阅区/ [索取号:TP14/12] | 在馆 |